Alle Pflanzen - Pokémon aufzählen - Statistiken

Allgemein
  • Dieses Quiz wurde 30 mal gespielt
  • Das Durchschnittsergebnis liegt bei 68 aus 132
Antwortstatistiken
# Nr. Pokémon % Korrekt
#001 Bisasam
100%
#003 Bisaflor
95%
#002 Bisaknosp
95%
#152 Endivie
95%
#069 Knofensa
95%
#154 Meganie
95%
#253 Reptain
95%
#071 Sarzenia
95%
#070 Ultrigaria
95%
#387 Chelast
89%
#389 Chelterrar
89%
#044 Duflor
89%
#252 Geckarbor
89%
#254 Gewaldro
89%
#045 Giflor
89%
#153 Lorblatt
89%
#043 Myrapla
89%
#114 Tangela
84%
#182 Blubella
79%
#388 Chelcarain
79%
#470 Folipurba
79%
#722 Bauz
74%
#274 Blanas
74%
#251 Celebi
74%
#273 Samurzel
74%
#192 Sonnflora
74%
#191 Sonnkern
74%
#275 Tengulist
74%
#101 Hisui - Lektrobal
68%
#100 Hisui - Voltobal
68%
#187 Hoppspross
68%
#188 Hubelupf
68%
#272 Kappalores
68%
#103 Kokowei
68%
#271 Lombrero
68%
#270 Loturzel
68%
#102 Owei
68%
#189 Papungha
68%
#046 Paras
68%
#047 Parasek
68%
#724 Silvarro
68%
#465 Tangoloss
68%
#357 Tropius
68%
#285 Knilz
63%
#315 Roselia
63%
#407 Roserade
63%
#497 Serpiroyal
63%
#723 Arboretoss
58%
#493 Arceus (Pflanze)
58%
#496 Efoserp
58%
#286 Kapilz
58%
#421 Kinoso
58%
#406 Knospi
58%
#332 Noktuska
58%
#495 Serpifeu
58%
#640 Viridium
58%
#650 Igamaro
53%
#420 Kikugi
53%
#492 Shaymin
53%
#331 Tuska
53%
#512 Vegichita
53%
#511 Vegimak
53%
#413 Burmadame
47%
#549 Dressella
47%
#460 Rexblisar
47%
#479 Schneid - Rotom
47%
#459 Shnebedeck
47%
#652 Brigaron
42%
#810 Chimpep
42%
#906 Felori
42%
#812 Gortrom
42%
#591 Hutsassa
42%
#651 Igastarnish
42%
#710 Irrbis
42%
#548 Lilminip
42%
#908 Maskagato
42%
#708 Paragoni
42%
#711 Pumpdjinn
42%
#570 Strawickl
42%
#590 Tarnpignon
42%
#709 Trombork
42%
#455 Venuflibis
42%
#673 Chevrumm
37%
#811 Chimstix
37%
#547 Elfun
37%
#571 Folikon
37%
#762 Frubaila
37%
#761 Frubberl
37%
#763 Fruyal
37%
#586 Kronjuwild
37%
#756 Lamellux
37%
#345 Liliep
37%
#672 Mähikel
37%
#928 Olini
37%
#585 Sesokitz
37%
#346 Wielie
37%
#893 Zarude
37%
#773 Amigento (Pflanze)
32%
#830 Cottomi
32%
#1010 Eisenblatt
32%
#907 Feliospa
32%
#798 Katagami
32%
#556 Maracamba
32%
#582 Matrifol
32%
#546 Waumboll
32%
#755 Bubungus
26%
#829 Cottini
26%
#841 Drapfel
26%
#1019 Hydrapfel
26%
#753 Imantis
26%
#597 Kastadur
26%
#840 Knapfel
26%
#930 Olithena
26%
#929 Olivinio
26%
#1011 Sirapfel
26%
#598 Tentantel
26%
#898 Coronospa
21%
#787 Kapu - Toro
21%
#754 Mantidea
21%
#781 Moruda
21%
#1017 Ogerpon
21%
#842 Schlapfel
21%
#986 Wutpilz
21%
#951 Chilingel
16%
#1001 Chongjian
16%
#1013 Fatalitcha
16%
#952 Halupenjo
16%
#947 Horrerba
11%
#1012 Mortcha
11%
#948 Tentagra
11%
#949 Tenterra
11%
#946 Weherba
11%
Keine übereinstimmenden Quizze gefunden
Verteilung der Resultate
Anzahl Personen mit jedem Resultat
Perzentil nach korrekt beantworteten Fragen
Ihre Resultats-Entwicklung
Sie haben dieses Quiz noch nicht gespielt